00293nam a22001097a 4500041000800000082001400008100000800022245008000030260005100110300000700161650001500168 aeng a264.6 RAM aRam aA Critical Evaluation of Preaching of Bakht Singh: A Homiletic Perspective aHyderabadbHenry Martyn Institute (ARRC)c2022 a90 aHomiletics